Summa Theologica ad modum commentarii in aquinatis summam praesentis aevi studiis aptatam
Tallennettuna:
| Päätekijä: | |
|---|---|
| Aineistotyyppi: | Kirja |
| Kieli: | latina |
| Julkaistu: |
Friburgo de Brisgovia
Herder
1900
|
| Painos: | 1a. ed |
| Aiheet: | |
| Tagit: |
Lisää tagi
Ei tageja, Lisää ensimmäinen tagi!
|
MARC
| LEADER | 00000cam a2200000 a 4500 | ||
|---|---|---|---|
| 001 | UCD2458 | ||
| 003 | CL-VaPUC | ||
| 008 | 160428e19000000gw |||||||||||||||||lat|d | ||
| 082 | 0 | 4 | |a 189.4 |b JAN |2 21 |
| 100 | 0 | |a Janssens, Laurentio |e author |9 585808 | |
| 245 | 1 | 0 | |a Summa Theologica ad modum commentarii in aquinatis summam praesentis aevi studiis aptatam |
| 250 | |a 1a. ed | ||
| 300 | |a t | ||
| 942 | |c BK | ||
| 945 | |d 20160428 21:50:00 |a dcastane | ||
| 260 | |a Friburgo de Brisgovia |b Herder |c 1900 | ||
| 500 | |a t.1 p.1: de Deo uno | ||
| 500 | |a t.2 p.2: de Deo uno | ||
| 500 | |a t.3: de Deo trino | ||
| 500 | |a t.4 p.1: de Verbo Incarnato | ||
| 500 | |a t.5 p.2: de Verbo Incarnato | ||
| 500 | |a t.6: de Deo Creatore et de Angelis | ||
| 650 | 0 | |a Tomismo |9 259214 | |
| 650 | 7 | |a DIOS UNITRINO |2 CL-VaPUC |9 580885 | |
| 583 | |a last modification |c 20160428 21:50:00 |k Rodrigo Vera | ||
| 999 | |c 363620 |d 363618 | ||
| 952 | |0 0 |1 0 |3 erd |4 0 |6 189_400000000000000_JAN_1900 |7 0 |8 X |9 476198 |a BIBTEO |b BIBTEO |c TEO_FFR |h t.1 |i 5228506 |o 189.4 JAN 1900 |p 5228506 |r 2024-01-18 |w 2019-11-24 |y BK_X |z Catalogado en:20160428 |k OFM | ||
| 952 | |0 0 |1 0 |3 erd |4 0 |6 189_400000000000000_JAN_1900 |7 0 |8 X |9 476199 |a BIBTEO |b BIBTEO |c TEO_FFR |h t.2 |i 5228514 |o 189.4 JAN 1900 |p 5228514 |r 2024-01-18 |w 2019-11-24 |y BK_X |z Catalogado en:20160428 |k OFM | ||
| 952 | |0 0 |1 0 |3 erd |4 0 |6 189_400000000000000_JAN_1900 |7 0 |8 X |9 476200 |a BIBTEO |b BIBTEO |c TEO_FFR |h t.3 |i 5228522 |o 189.4 JAN 1900 |p 5228522 |r 2024-01-18 |w 2019-11-24 |y BK_X |z Catalogado en:20160428 |k OFM | ||
| 952 | |0 0 |1 0 |3 erd |4 0 |6 189_400000000000000_JAN_1900 |7 0 |8 X |9 476201 |a BIBTEO |b BIBTEO |c TEO_FFR |h t.4 |i 5228530 |o 189.4 JAN 1900 |p 5228530 |r 2024-01-18 |w 2019-11-24 |y BK_X |z Catalogado en:20160428 |k OFM | ||
| 952 | |0 0 |1 0 |3 erd |4 0 |6 189_400000000000000_JAN_1900 |7 0 |8 X |9 476202 |a BIBTEO |b BIBTEO |c TEO_FFR |h t.5 |i 5228549 |o 189.4 JAN 1900 |p 5228549 |r 2024-01-18 |w 2019-11-24 |y BK_X |z Catalogado en:20160428 |k OFM | ||
| 952 | |0 0 |1 0 |3 erd |4 0 |6 189_400000000000000_JAN_1900 |7 0 |8 X |9 476203 |a BIBTEO |b BIBTEO |c TEO_FFR |h t.6 |i 5228557 |o 189.4 JAN 1900 |p 5228557 |r 2024-01-18 |w 2019-11-24 |y BK_X |z Catalogado en:20160428 |k OFM | ||